书目信息 |
| 题名: |
生态毒理学
|
|
| 作者: | 孟紫强 主编 | |
| 分册: | ||
| 出版信息: | 北京 中国环境出版集团 2019.09 |
|
| 页数: | 463页 | |
| 开本: | 26cm | |
| 丛书名: | ||
| 单 册: | ||
| 中图分类: | R994.6 | |
| 科图分类: | ||
| 主题词: | 毒理学 | |
| 电子资源: | ||
| ISBN: | 7-5111-4083-1 | |
| 000 | 00567nam0 2200193 450 | |
| 001 | 2371141950 | |
| 005 | 20230216194753.15 | |
| 010 | @a7-5111-4083-1@dCNY79.00 | |
| 100 | @a20230216d2019 km y0chiy0120 ea | |
| 101 | 0 | @achi |
| 102 | @aCN@b110000 | |
| 200 | 1 | @a生态毒理学@ASheng Tai Du Li Xue@f孟紫强主编@FMeng Zi Qiang Zhu Bian |
| 210 | @a北京@c中国环境出版集团@d2019.09 | |
| 215 | @a463页@d26cm | |
| 606 | 0 | @a毒理学 |
| 690 | @aR994.6@v4 | |
| 701 | 0 | @a孟紫强@AMeng Zi Qiang@4主编 |
| 801 | 0 | @aCN@b大连网信软件有限公司图书馆·11@c20230216 |
| 905 | @aZUCC@dR994.6@e962 | |
| 生态毒理学/孟紫强主编.-北京:中国环境出版集团,2019.09 |
| 463页;26cm |
| ISBN 7-5111-4083-1:CNY79.00 |
| ● |
| 相关链接 |
|
|
|
|
正题名:生态毒理学
索取号:R994.6/962
 
预约/预借
| 序号 | 登录号 | 条形码 | 馆藏地/架位号 | 状态 | 备注 |
| 1 | 1052724 | 210527241 | 第二样本阅览室/ [索取号:R994.6/962] | 在馆 |